Score 0/31 Timer 10:00
0 Plays Today
% Correct
Portugal
93.6%
Snow White and the Seven Dwarfs
81.6%
Japan
81.5%
World War I
80.5%
Mississippi
79.1%
Archduke Franz Ferdinand of Austria
78.8%
Russia
78.7%
Francisco Franco
75.8%
James Monroe
75.4%
Ecuador
73%
Hong Kong
70.9%
John F. Kennedy
70.6%
Donatello
70.5%
Second Boer War
69.3%
Texas
68%
England
67.9%
% Correct
Yugoslavia
66.9%
Ottawa
66.8%
Crusaders
64.7%
Soviet Union
61.6%
Kirk Douglas
57.7%
Moscow
52.1%
Sacagawea
52%
Vice President
50.6%
Hagia Sophia
45.5%
Jews
37%
Thomas Becket
35.2%
Australia
31.6%
Marcus Tullius Cicero
29.4%
Christmas Island
20.2%
Tang Dynasty
19.3%
Remove Ads.
Support Sporcle.
Get the best of Sporcle when you Go Orange. This ad-free experience offers more features, more stats, and more fun while also helping to support Sporcle. Thank you for becoming a member.

You're not logged in!

Compare scores with friends on all Sporcle quizzes.
OR
Log In

Show Comments

Extras

Top Quizzes Today


Score Distribution

Your Account Isn't Verified!

In order to create a playlist on Sporcle, you need to verify the email address you used during registration. Go to your Sporcle Settings to finish the process.

Report this User

Report this user for behavior that violates our Community Guidelines.

Details: